书目信息 |
| 题名: |
国际象棋
|
|
| 作者: | 刘小锋 , 刘小锋 主编 | |
| 分册: | ||
| 出版信息: | 长春 吉林文史出版社 2006 |
|
| 页数: | 187页 | |
| 开本: | 19cm | |
| 丛书名: | 中外艺术精粹 | |
| 单 册: | ||
| 中图分类: | G891.1 | |
| 科图分类: | ||
| 主题词: | 国际象棋--基本知识 , 国际象棋 | |
| 电子资源: | ||
| ISBN: | 7-80702-248-5 | |
| 000 | 00858oam2 2200277 45 | |
| 001 | 012006042901 | |
| 005 | 20061217093222.40 | |
| 010 | @a7-80702-248-5@dCNY29.80 | |
| 092 | @aCN@b492771 | |
| 100 | @a20060429d2006 em y0chiy0120 ea | |
| 101 | 0 | @achi |
| 102 | @aCN@b220000 | |
| 105 | @ay z 000yy | |
| 200 | 1 | @a国际象棋@Aguo ji xiang qi@f刘小锋主编@Fliu xiao feng zhu bian |
| 210 | @a长春@c吉林文史出版社@c吉林音像出版社@d2006 | |
| 215 | @a187页@d19cm | |
| 225 | 2 | @a中外艺术精粹 |
| 330 | @a本书主要内容:国际象棋简史;入门须知;一般开局与新式开局浅谈;各子在不同局面中效能等。 | |
| 461 | 0 | @12001 @a中外艺术精粹 |
| 606 | 0 | @a国际象棋@x基本知识 |
| 606 | 0 | @a国际象棋 |
| 690 | @aG891.1@v4 | |
| 701 | 0 | @a刘小锋@9liu xiao feng@4主编 |
| 701 | 0 | @a刘小锋@Aliu xiao feng@4主编 |
| 801 | 0 | @aCN@bLZJBOOK@c20061217 |
| 905 | @a10447@dG891.1@e239 | |
| 国际象棋/刘小锋主编.-长春:吉林文史出版社:吉林音像出版社,2006 |
| 187页;19cm.-(中外艺术精粹) |
| ISBN 7-80702-248-5:CNY29.80 |
| 本书主要内容:国际象棋简史;入门须知;一般开局与新式开局浅谈;各子在不同局面中效能等。 |
| ● |
| 相关链接 |
|
|
|
|
正题名:国际象棋
索取号:G891.1/239
 
预约/预借
| 序号 | 登录号 | 条形码 | 馆藏地/架位号 | 状态 | 备注 |
| 1 | 0561141 | 205611417 | 第一样本阅览室/ [索取号:G891.1/239] | 在馆 | |
| 2 | 0561142 | 205611426 | 第四借阅区/ [索取号:G891.1/239] | 在馆 | |
| 3 | 0561143 | 205611435 | 第四借阅区/ [索取号:G891.1/239] | 在馆 | |
| 4 | 0561144 | 205611444 | 第四借阅区/ [索取号:G891.1/239] | 在馆 | |
| 5 | 0561145 | 205611453 | 第四借阅区/ [索取号:G891.1/239] | 在馆 | |
| 6 | 0561146 | 205611462 | 第四借阅区/ [索取号:G891.1/239] | 在馆 | |
| 7 | 0561147 | 205611471 | 第四借阅区/ [索取号:G891.1/239] | 在馆 |